The triumph of the tree

Enregistré dans:
Détails bibliographiques
Auteur principal: Collis, John Stewart (Auteur)
Format: Livre
Langue:anglais
Publié: Nueva York The Viking Press 1954
Sujets:
Tags: Ajouter un tag
Pas de tags, Soyez le premier à ajouter un tag!

MARC

LEADER 00000nam a2200000 a 4500
001 UCT2962
003 CL-VaPUC
008 961018e19540000US |||||||||||||||||eng|d
082 0 4 |a 582.16  |b COL  |2 21 
100 0 |a Collis, John Stewart  |e author  |9 371988 
245 1 4 |a The triumph of the tree 
300 |a 276 p 
942 |c BK 
945 |d 19961018 00:00:00  |a cmena 
260 |a Nueva York  |b The Viking Press  |c 1954 
650 0 |a Árboles  |9 264746 
650 0 |a Plantas  |9 264555 
650 0 |a Botánica  |9 264202 
650 0 |a Geología   |9 260984 
650 0 |a Bosques  |9 269804 
650 0 |a Ecología   |9 258124 
583 |a last modification  |c 19961018 00:00:00  |k Rodrigo Vera 
999 |c 252843  |d 252841